00262nam a22000977a 4500008004100000082002100041245004800062260003700110300000900147440000800156230703b xxu||||| |||| 00| 0 eng d a342.16bIPU 1996 aConstitutional & Parliamentary Information  bInter-Parliamentary Union c1996 a293p n172